El vino /

Obra sobre historia, elaboración, tipos, características y usos del vino, acompañados de relatos mitológicos, poesías y refranes referentes a la bebida.

Na minha lista:
Detalhes bibliográficos
Autor principal: Marín, Federico (autor)
Formato: Livro
Idioma:espanhol
Publicado em: México : edición de autor, 1970, c1970
Assuntos:
Tags: Adicionar Tag
Sem tags, seja o primeiro a adicionar uma tag!

MARC

LEADER 00000nam^a2200000^a^4500
001 000416884
005 20250526000000.0
009 20260310122336.242
037 |a Acervo ITESO - Biblioteca 
041 |a ESP 
082 |a 641. 22  |b MAR 
100 |a Marín, Federico  |e (autor) 
245 1 3 |a El vino /  |c F. Marín. 
264 4 |a México :  |b edición de autor,  |c 1970, c1970 
300 |a 45 p. ;  |c 23.0 cm. 
336 |a texto  |b txt  |2 rdacontenido 
337 |a sin mediación  |b n  |2 rdamedio 
338 |a volumen  |b nc  |2 rdasoporte 
515 |a Ejemplar N° 175 de un tiraje de 500 
520 |a Obra sobre historia, elaboración, tipos, características y usos del vino, acompañados de relatos mitológicos, poesías y refranes referentes a la bebida. 
561 |a Obra autografiada por el autor para Alfonso de Alba Martín en diciembre de 1970 
649 |a XX 
650 |a Vino en la Literatura 
650 |a Uvas -  |x Variedades 
650 |a Vinos -  |x Historia 
650 |a Vinos -  |x Tema Principal 
650 |a Bebidas Fermentadas 
650 |a Bebidas Alcohólicas 
650 |a Bebidas 
650 |a Viticultura y Enología -  |x Tema Principal 
650 |a Gastronomía 
910 |a Fondo Alfonso de Alba Martín 
920 |a Impresos - Libros 
930 |a Libros Antiguos y Raros 
905 |a 125 
901 |a 416884001  |b IT2  |c LRA  |i D100166  |u 20250526 
902 |a https://opac.biblio.iteso.mx/vufind/Record/000416884